LEADER 01054nam a2200265 i 4500 001 991002494989707536 008 140415s2013 jo fa 000 0 eng d 020 $a9789957854362 035 $ab14183468-39ule_inst 040 $aBibl. Interfacoltà T. Pellegrino$bita 082 04$a091 245 04$aThe Petra Papyri.$nII /$cedited by Ludwig Koenen...[et al.] ; with contributions by Antti Arjava...[et al.] 260 $aAmman, Jordan :$bAmerican Center of Oriental Research,$c2013 300 $aXIX, 194 p., 16 p. di tav. :$bill. ;$c34 cm. 440 0$aAmerican Center of Oriental Research publications ;$v7 650 4$aManoscritti greci$zPetra 651 4$aPetra 700 1 $aKoenen, Ludwig 700 1 $aArjava, Antti 907 $a.b14183468$b15-04-14$c15-04-14 912 $a991002494989707536 945 $aLE002 Museo Papirologico BELT 091 PET$g1$i2002000871343$lle002$og$pE100.00$q-$rn$so $t0$u0$v0$w0$x0$y.i15605668$z15-04-14 996 $aPetra Papyri$9258984 997 $aUNISALENTO 998 $ale002$b15-04-14$cm$da $e $feng$gjo $h4$i0